LEADER 05073nam 22009015 450 001 9910483257903321 005 20251226202614.0 010 $a3-642-41914-3 024 7 $a10.1007/978-3-642-41914-0 035 $a(CKB)3710000000024440 035 $a(SSID)ssj0001049348 035 $a(PQKBManifestationID)11587222 035 $a(PQKBTitleCode)TC0001049348 035 $a(PQKBWorkID)11019136 035 $a(PQKB)11204146 035 $a(DE-He213)978-3-642-41914-0 035 $a(MiAaPQ)EBC3093602 035 $a(PPN)17611713X 035 $a(EXLCZ)993710000000024440 100 $a20131014d2013 u| 0 101 0 $aeng 135 $aurnn#008mamaa 181 $ctxt 182 $cc 183 $acr 200 10$aAdvances in Visual Computing $e9th International Symposium, ISVC 2013, Rethymnon, Crete, Greece, July 29-31, 2013. Proceedings, Part I /$fedited by George Bebis, Richard Boyle, Bahram Parvin, Darko Koracin, Baoxin Li, Fatih Porikli, Victor Zordan, James Klosowski, Sabine Coquillart, Xun Luo, Min Chen, David Gotz 205 $a1st ed. 2013. 210 1$aBerlin, Heidelberg :$cSpringer Berlin Heidelberg :$cImprint: Springer,$d2013. 215 $a1 online resource (XXXVI, 586 p. 303 illus.) 225 1 $aImage Processing, Computer Vision, Pattern Recognition, and Graphics,$x3004-9954 ;$v8033 300 $aBibliographic Level Mode of Issuance: Monograph 311 08$a3-642-41913-5 327 $aComputational bioimaging -- Computer graphics -- Motion, tracking and recognition -- Segmentation -- Visualization -- 3D mapping, modeling and surface reconstruction -- Feature extraction, matching and recognition -- Sparse methods for computer vision, graphics and medical imaging.- Face processing and recognition. 330 $aThe two volume set LNCS 8033 and 8034 constitutes the refereed proceedings of the 9th International Symposium on Visual Computing, ISVC 2013, held in Rethymnon, Crete, Greece, in July 2013. The 63 revised full papers and 35 poster papers presented together with 32 special track papers were carefully reviewed and selected from more than 220 submissions. The papers are organized in topical sections: Part I (LNCS 8033) comprises computational bioimaging; computer graphics; motion, tracking and recognition; segmentation; visualization; 3D mapping, modeling and surface reconstruction; feature extraction, matching and recognition; sparse methods for computer vision, graphics and medical imaging; and face processing and recognition. Part II (LNCS 8034) comprises topics such as visualization; visual computing with multimodal data streams; visual computing in digital cultural heritage; intelligent environments: algorithms and applications; applications; and virtual reality. 410 0$aImage Processing, Computer Vision, Pattern Recognition, and Graphics,$x3004-9954 ;$v8033 606 $aPattern recognition systems 606 $aComputer graphics 606 $aComputer vision 606 $aUser interfaces (Computer systems) 606 $aHuman-computer interaction 606 $aApplication software 606 $aBioinformatics 606 $aAutomated Pattern Recognition 606 $aComputer Graphics 606 $aComputer Vision 606 $aUser Interfaces and Human Computer Interaction 606 $aComputer and Information Systems Applications 606 $aComputational and Systems Biology 615 0$aPattern recognition systems. 615 0$aComputer graphics. 615 0$aComputer vision. 615 0$aUser interfaces (Computer systems) 615 0$aHuman-computer interaction. 615 0$aApplication software. 615 0$aBioinformatics. 615 14$aAutomated Pattern Recognition. 615 24$aComputer Graphics. 615 24$aComputer Vision. 615 24$aUser Interfaces and Human Computer Interaction. 615 24$aComputer and Information Systems Applications. 615 24$aComputational and Systems Biology. 676 $a006.4 702 $aBebis$b George$4edt$4http://id.loc.gov/vocabulary/relators/edt 702 $aBoyle$b Richard$4edt$4http://id.loc.gov/vocabulary/relators/edt 702 $aParvin$b Bahram$4edt$4http://id.loc.gov/vocabulary/relators/edt 702 $aKoracin$b Darko$4edt$4http://id.loc.gov/vocabulary/relators/edt 702 $aLi$b Baoxin$4edt$4http://id.loc.gov/vocabulary/relators/edt 702 $aPorikli$b Fatih$4edt$4http://id.loc.gov/vocabulary/relators/edt 702 $aZordan$b Victor$4edt$4http://id.loc.gov/vocabulary/relators/edt 702 $aKlosowski$b James$4edt$4http://id.loc.gov/vocabulary/relators/edt 702 $aCoquillart$b Sabine$4edt$4http://id.loc.gov/vocabulary/relators/edt 702 $aLuo$b Xun$4edt$4http://id.loc.gov/vocabulary/relators/edt 702 $aChen$b Min$4edt$4http://id.loc.gov/vocabulary/relators/edt 702 $aGotz$b David$4edt$4http://id.loc.gov/vocabulary/relators/edt 906 $aBOOK 912 $a9910483257903321 996 $aAdvances in Visual Computing$9772261 997 $aUNINA